书目信息 |
| 题名: |
明清时代妇女的地位与权力
|
|
| 作者: | 阿风 著 | |
| 分册: | ||
| 出版信息: | 北京 社会科学文献出版社 2009.04 |
|
| 页数: | 311页 | |
| 开本: | 24cm | |
| 丛书名: | ||
| 单 册: | ||
| 中图分类: | D691.968 , K248.06 | |
| 科图分类: | ||
| 主题词: | 妇女地位--研究--中国--明清时代 , 明清时代--历史--史料 , 妇女地位 , 明清时代 , 历史 | |
| 电子资源: | ||
| ISBN: | 978-7-5097-0617-6 | |
| 000 | 01152nam0 2200301 450 | |
| 001 | 010700065174 | |
| 005 | 20120626153156.25 | |
| 010 | @a978-7-5097-0617-6@dCNY49.00 | |
| 100 | @a20090328d2009 em y0chiy0110 ea | |
| 101 | 0 | @achi@deng |
| 102 | @aCN@b110000 | |
| 105 | @ay z 000yy | |
| 106 | @ar | |
| 200 | 1 | @a明清时代妇女的地位与权力@9ming qing shi dai fu nu^ de di wei yu quan li@e以明清契约文书、诉讼档案为中心@f阿风著 |
| 210 | @a北京@c社会科学文献出版社@d2009.04 | |
| 215 | @a311页@d24cm | |
| 330 | @a本书以徽州文书、淡新档案等明清地方文书档案资料为中心,从法律规定与文书档案两个层面分析中国家庭的法律构造,探讨妇女的地位与权利,这不仅有助于了解传统中国妇女的地位,而且对于推动中国法制史、社会史研究,都具有重要的意义。 | |
| 517 | 1 | @a以明清契约文书、诉讼档案为中心@9yi ming qing qi yue wen shu、 su song dang an wei zhong xin |
| 606 | 0 | @a妇女地位@x研究@y中国@z明清时代 |
| 606 | 0 | @a明清时代@x历史@x史料 |
| 606 | 0 | @a妇女地位 |
| 606 | 0 | @a明清时代 |
| 606 | 0 | @a历史 |
| 690 | @aD691.968@v4 | |
| 690 | @aK248.06@v4 | |
| 701 | 0 | @a阿风@9a feng@4著 |
| 801 | 0 | @aCN@bRENTIAN@c20090328 |
| 905 | @b541112-16@dD691.968@e191@f5 | |
| 明清时代妇女的地位与权力:以明清契约文书、诉讼档案为中心/阿风著.-北京:社会科学文献出版社,2009.04 |
| 311页;24cm |
| ISBN 978-7-5097-0617-6:CNY49.00 |
| 本书以徽州文书、淡新档案等明清地方文书档案资料为中心,从法律规定与文书档案两个层面分析中国家庭的法律构造,探讨妇女的地位与权利,这不仅有助于了解传统中国妇女的地位,而且对于推动中国法制史、社会史研究,都具有重要的意义。 |
| ● |
| 相关链接 |
|
|
|
|
正题名:明清时代妇女的地位与权力
索取号:D691.968/191
 
预约/预借
| 序号 | 登录号 | 条形码 | 馆藏地/架位号 | 状态 | 备注 |
| 1 | 541112 | 205411124 | 第一样本阅览室/ [索取号:D691.968/191] | 在馆 | |
| 2 | 541113 | 205411133 | 第一借阅区/ [索取号:D691.968/191] | 在馆 | |
| 3 | 541114 | 205411142 | 第一借阅区/ [索取号:D691.968/191] | 在馆 | |
| 4 | 541115 | 205411151 | 第一借阅区/ [索取号:D691.968/191] | 在馆 | |
| 5 | 541116 | 205411160 | 第一借阅区/ [索取号:D691.968/191] | 在馆 |